000
00288nam a2200109Ia 4500
008
200302s9999 xx 000 0 und d
100
_a
Robert V. Huber
245
_a
New Complete Do-It-Yourself Manual
260
_b
The Reader's Difest Association Inc.,
260
_c
1991
300
_a
528 P.,
999
_c
1651
_d
1651